000 00967cab a2200241 4500
001 WB2704-17
008 090401t1991 xxu||||| |||| 00| 0 eng d
035 _a(Sirsi) u10653
041 _aeng
245 _aRecession reshapes City leases
260 _c1991
350 _a0
490 _aEstates Times
_vNo 1079 18/1/91 p7
520 _aAgents are predicting the end of the 25-year lease in the City of London office market as more landlords move towards break clauses and shorter leases to attract occupiers. Several deals have been concluded recently which allow tenants to leave their buildings before their leases expire, and a move towards five- or ten-year leases is widely anticipated in the current depressed market.
650 _aBUSINESS TENANCIES
650 _aPROPERTY-COMMERCIAL PROPERTY
650 _aLEASE EXPIRY
650 _aLEASES
650 _aRECESSION
690 _aPROPERTY-LANDLORD AND TENANT
942 _n0
948 _c04/03/1997
999 _c6753
_d6753